000
00342nam a2200145Ia 4500
008
150201s2005 xx 000 0 und d
082
_a
615.83
_b
T05P
100
_a
PORTER , STUART
245
_a
TIDY,S PHYSIOTHERAPY
250
_a
13TH
260
_b
ELSEVIER
_a
INDIA
_c
2005
300
_a
1-610
650
_a
PHYSIOTHERAPY
942
_2
ddc
_c
BK
_0
7
999
_c
1521
_d
1521